The complete book of business plans : (Record no. 173811)

MARC details
000 -LEADER
fixed length control field 00960cam a2200253 a 4500
001 - CONTROL NUMBER
control field vtls001247660
003 - CONTROL NUMBER IDENTIFIER
control field MY-SjTCS
005 - DATE AND TIME OF LATEST TRANSACTION
control field 20200226120945.0
008 - FIXED-LENGTH DATA ELEMENTS--GENERAL INFORMATION
fixed length control field 110218s1994 ilua 00 0 eng
020 ## - INTERNATIONAL STANDARD BOOK NUMBER
International Standard Book Number 0942061411
039 #9 - LEVEL OF BIBLIOGRAPHIC CONTROL AND CODING DETAIL [OBSOLETE]
Level of rules in bibliographic description 201701041547
Level of effort used to assign nonsubject heading access points pushpa
Level of effort used to assign subject headings 201102181524
Level of effort used to assign classification VLOAD
-- 200407271850
-- VLOAD
082 04 - DEWEY DECIMAL CLASSIFICATION NUMBER
Classification number 658.4012
Item number COV
100 1# - MAIN ENTRY--PERSONAL NAME
Personal name Covello, Joseph A.,
Dates associated with a name 1957-
9 (RLIN) 6935
245 14 - TITLE STATEMENT
Title The complete book of business plans :
Remainder of title simple steps to writing a powerful business plan /
Statement of responsibility, etc. Joseph A. Covello and Brian J. Hazelgren.
260 ## - PUBLICATION, DISTRIBUTION, ETC.
Place of publication, distribution, etc. Naperville, Ill. :
Name of publisher, distributor, etc. Sourcebooks Trade,
Date of publication, distribution, etc. 1994
300 ## - PHYSICAL DESCRIPTION
Extent vii, 317 p. :
Other physical details ill. ;
Dimensions 28 cm.
490 1# - SERIES STATEMENT
Series statement Small business sourcebooks
650 #0 - SUBJECT ADDED ENTRY--TOPICAL TERM
Topical term or geographic name entry element New business enterprises
General subdivision Finance
9 (RLIN) 11127
650 #0 - SUBJECT ADDED ENTRY--TOPICAL TERM
Topical term or geographic name entry element New business enterprises
General subdivision Planning
9 (RLIN) 37479
650 #0 - SUBJECT ADDED ENTRY--TOPICAL TERM
Topical term or geographic name entry element Proposal writing in business
9 (RLIN) 10831
700 1# - ADDED ENTRY--PERSONAL NAME
Personal name Hazelgren, Brian J.,
Dates associated with a name 1961-
9 (RLIN) 6936
830 #0 - SERIES ADDED ENTRY--UNIFORM TITLE
Uniform title Small business sourcebooks
920 ## - Programme
Programme SABD : 522115
Holdings
Withdrawn status Lost status Source of classification or shelving scheme Damaged status Not for loan Home library Current library Date acquired Total Checkouts Barcode Date last seen Date last checked out Copy number Koha item type Public note
    Dewey Decimal Classification     Taylor's Library-TU Taylor's Library-TU 27/07/2004 23 1000101983 12/12/2019 30/06/2016 1 Main Collection SABDx,23003,03,GR